| 000 | 00937nas a2200289 4500 | ||
|---|---|---|---|
| 001 | BR2013007347 | ||
| 003 | BR-BrBNA | ||
| 005 | 20231205122916.0 | ||
| 007 | ta | ||
| 008 | 230509b bl.|||p| |||| 00| 00por d | ||
| 040 |
_aBR-BrBNA _bpor _cBiblioteca Nacional de Agricultura |
||
| 041 | _a(Pt) | ||
| 072 | _aK10 | ||
| 100 | 1 | _aRibeiro, T.M. | |
| 100 | 1 | _aIvanauskas, N.M. | |
| 100 | 1 | _aMartins, S.V. | |
| 100 | 1 | _aPolisel, R.T. | |
| 100 | 1 | _aSantos, R.L.R. dos | |
| 245 | 1 | _aFiossociologia de uma floresta secundária com Araucaria angustifolia (Bertol.)O. Kuntze na Estação Ecológica de Bananal, Bananal-SP | |
| 650 | _aPINHEIRO-DO-PARANÁ | ||
| 650 | _aARAUCARIA ANGUSTIFOLIA | ||
| 650 | _aREGENERAÇÃO | ||
| 650 | _aCONSERVAÇÃO | ||
| 773 | 0 |
_tFloresta e Ambiente (Brazil) _xISSN 1415-0980 _g(Apr-Jun 2013), v. 20(2) p. 159-172 _wBR2013007347 |
|
| 909 |
_a202311 _bLúcia _c55 _dLúcia Elande |
||
| 942 |
_2AGRIS _n0 _cANA |
||
| 999 |
_c231208 _d231208 |
||